000 00719nam a2200217 i 4500
001 67030
003 ES-MaACL
005 20240501063034.0
007 t|
008 040430s1997 sp c ||||1| spa d
080 _a821.134.2-14"19"
100 1 _aGarcía López, Ángel,
_d1935-
_954840
245 1 0 _aÁngel García López.
260 _aMálaga :
_bCentro Cultural de la Generación del 27,
_c[1997]
300 _a[12] p. :
_bretr. autor ;
_c22 cm.
490 1 _aCentro Cultural de la Generación del 27 ;
_v5
710 2 _aCentro Cultural Generación del 27.
_92582
830 1 _aCentro Cultural de la Generación del 27 ;
_v5
_9183068
852 _aES-MaACL
_j2169-F-15
999 _c67030
_d67030